| 000 | 00414nam a22001697a 4500 | ||
|---|---|---|---|
| 005 | 20160701112439.0 | ||
| 008 | 160701b xxu||||| |||| 00| 0 eng d | ||
| 020 | _a978-81-317-2725-6 | ||
| 041 | _aeng | ||
| 082 | _b20305 | ||
| 100 |
_aPfleegus Charles P & Shari lawrence _93373 |
||
| 245 | _aSecurity in Computing | ||
| 260 | _bPearson | ||
| 300 | _a803 | ||
| 650 |
_aInformation Technology _9137 |
||
| 942 | _cBK | ||
| 999 |
_c5044 _d5042 |
||